Analýza hospodárskej krízy a jej dopady na automobilový priemysel v EU diplomová práca

Gespeichert in:
Bibliographische Detailangaben
1. Verfasser: Havír, Jozef
Körperschaft: Obchodná fakulta EU. Katedra medzinárodného obchodu
Weitere Verfasser: Pásztorová, Janka, 1960-
Format: Buch
Sprache:Slowakisch
Veröffentlicht: Bratislava 2015
Tags: Tag hinzufügen
Keine Tags, Fügen Sie das erste Tag hinzu!

MARC

LEADER 00000nbm a2200000 4500
001 0201481
005 20161212104224.3
041 0 |a slo 
044 |a SK 
245 1 0 |a Analýza hospodárskej krízy a jej dopady na automobilový priemysel v EU  |b diplomová práca  |c Jozef Havír ; školiteľ: Janka Pásztorová 
264 1 |a Bratislava  |c 2015 
300 |a 86 s. 
100 1 |a Havír, Jozef 
700 1 |a Pásztorová, Janka, 1960- 
710 2 |a Obchodná fakulta EU. Katedra medzinárodného obchodu